000 00249nam a2200097Ia 4500
008 220204s9999 xx 000 0 und d
082 _a91(540)
_bIND
245 0 _aGazetteer of India. 2 V
260 _aFardabad
_bPublication Division
_c1973
942 _cBK
999 _c22916
_d22916